Statistics for European Microstates

Click here to take the quiz!

General Stats

  • This quiz has been taken 48 times
  • The average score is 6 of 6

Answer Stats

AreaAnswer% Correct
24 miles squaredSan Marino
100%
109 acresVatican City
100%
62 miles squaredLiechtenstein
98%
499 acresMonaco
98%
180 miles squaredAndorra
95%
122 miles squaredMalta
83%

Score Distribution

Percentile by Number Answered

Percent of People with Each Score

Your Score History

You have not taken this quiz